| 000 | 00901nas a2200289 4500 | ||
|---|---|---|---|
| 001 | BR9203692 | ||
| 003 | BR-BrBNA | ||
| 005 | 20231205095045.0 | ||
| 007 | ta | ||
| 008 | 230509b bl.|||p| |||| 00| 00por d | ||
| 040 |
_aBR-BrBNA _bpor _cBiblioteca Nacional de Agricultura |
||
| 041 | _a(Pt) | ||
| 072 | _aL73 | ||
| 100 | 1 | _aFlores, E.F. | |
| 100 | 1 | _aWeiblen, R. | |
| 100 | 1 | _aPereira, N.M. | |
| 100 | 1 | _aPortolann, J.A.B. | |
| 100 | 1 | _aSanchez, C. de M. | |
| 100 | 1 | _aSoares, M.R.L. | |
| 245 | 1 | _aUtilizacao de imunodifusao em gel de agar (IDGA)no controle da infeccao pelo virus da leucose bovina (VLB) | |
| 650 | _aBovino | ||
| 650 | _aDoenca Animal | ||
| 650 | _aControle Cultural | ||
| 773 | 0 |
_tRevista do Centro de Ciencias Rurais (Brazil) _xISSN 0085-5901 _g(Jan-Jun 1989), v. 19(1-2) p. 169-176 _wBR9203692 |
|
| 909 |
_a202311 _bLúcia _c55 _dLúcia Elande |
||
| 942 |
_2AGRIS _n0 _cANA |
||
| 999 |
_c148493 _d148493 |
||